00478nam a2200145Ia 4500008004100000020001800041082001900059100002000078245004700098260003600145300001100181650003000192952009300222999001700315120622s9999 xx 000 0 und d a968-6136-07-X a659.1042 L869p aLorenzano, Luis aLa publicidad en México / Luis Lorenzano aMéxico : Ediciones Quinto sol a168 p. a1. PUBLICIDAD - MEXICOÌ 00104070a01b01d2007-01-25l0o659.1042 L869Pp01 000464r2012-06-24w2012-06-24yLB c56086d56086